Najlepsi zawodnicy piłkarskich Mistrzostw Świata - Statystyki

Ogólne statystyki
  • Ten quiz został rozwiązany 142 razy
  • Średni wynik to 10 z 22
Statystyki odpowiedzi
Rok Narodowość Piłkarz % Poprawnych
2022 Argentyna Lionel Messi
99%
2014 Argentyna Lionel Messi
99%
2018 Chorwacja Luka Modrić
97%
2006 Francja Zinédine Zidane
85%
1998 Brazylia Ronaldo
84%
1970 Brazylia Pelé
81%
1986 Argentyna Diego Maradona
78%
2010 Urugwaj Diego Forlán
76%
2002 Niemcy Oliver Kahn
59%
1954 Węgry Ferenc Puskás
52%
1994 Brazylia Romário
46%
1962 Brazylia Garrincha
40%
1966 Anglia Bobby Charlton
35%
1982 Włochy Paolo Rossi
34%
1978 Argentyna Mario Kempes
21%
1974 Holandia Johan Cruijff
14%
1934 Włochy Giuseppe Meazza
11%
1938 Brazylia Leônidas
10%
1958 Brazylia Didi
9%
1990 Włochy Salvatore Schillaci
9%
1950 Brazylia Zizinho
5%
1930 Urugwaj José Nasazzi
3%
Nie znaleziono quizów pasujących do podanych kryteriów
Rozkład punktacji
Procent ludzi z każdym wynikiem
Percentyl według liczby udzielonych odpowiedzi
Twoja historia wyników
Nie rozwiązałeś tego quizu